000 00901nam a2200253 i 4500
001 169274
003 ES-MaACL
005 20250822062557.0
007 t|
008 080828s19591959sp ||||1| spa d
017 _aM 12.301-1958
080 _a130.2(042)
100 1 _aCaruso, Igor A.
_935921
245 1 3 _aLa psicología en la crisis cultural contemporánea /
_cIgor A. Caruso.
260 _aMadrid :
_bAteneo,
_c1959 (
_f"Ediciones Castilla")
300 _a39 p., [2] h. ;
_c19 cm.
490 1 _aO crece o muere ;
_v127
500 _a"Este trabajo fue dado a conocer por su autor en la conferencia pronunciada en el Ateneo de Madrid el día 24 de abril de 1958"
610 2 _aAteneo de Madrid-
_vConferencias-
_y1940-1982.
_91908
650 1 7 _aPsicología
_2embne
_916540
830 0 0 _aColección "O crece o muere"
_v127
_9183476
852 4 _aES-MaACL
_j2243-F-10
999 _c169274
_d169274